Normal view
MARC view
- Anum, Numera
Entry Personal Name
001 - CONTROL NUMBER
- control field: 16265
003 - CONTROL NUMBER IDENTIFIER
- control field: NUST
005 - DATE AND TIME OF LATEST TRANSACTION
- control field: 20190702052840.0
008 - FIXED-LENGTH DATA ELEMENTS
- fixed length control field: 190702|| aca||aabn | a|a d
040 ## - CATALOGING SOURCE
- Original cataloging agency: NUST
- Transcribing agency: NUST
100 ## - HEADING--PERSONAL NAME
- Personal name: Anum, Numera
670 ## - SOURCE DATA FOUND
- Source citation: Work cat.: (NUST): Anum, Numera, Flood Risk Management Through Community Resilience: A Case Study of District Layyah in Punjab, Pakistan /, 2018.
